LEADER 00923nam a2200265 i 4500 001 991003921809707536 005 20030107111650.0 008 021113s1998 it ||| | ita 020 $a8837217099 035 $ab11883108-39ule_inst 035 $aEXGIL149427$9ExL 040 $aDip.to Filol. Ling. e Lett.$bita 082 0 $a235.3 100 1 $aZucal, Silvano$0223230 245 10$aAli dell'invisibile :$bl'angelo in Guardini e nel '900 /$cSilvano Zucal 260 0 $aBrescia :$bMorcelliana,$c1998 300 $a551 p. ;$c21 cm. 650 4$aAngeli 650 4$aGuardini, Romano$xConcezione degli angeli 907 $a.b11883108$b21-09-06$c07-01-03 912 $a991003921809707536 945 $aLE008 LLI O VI 74$g1$i2008000049850$lle008$o-$pE0.00$q-$rl$s- $t0$u0$v0$w0$x0$y.i12139464$z07-01-03 996 $aAli dell'invisibile$9902630 997 $aUNISALENTO 998 $ale008$b01-01-02$cm$da $e-$fita$git $h0$i1 LEADER 03283 am 2200529 n 450 001 9910502599703321 005 20210726 010 $a979-1-03-657736-9 024 7 $a10.4000/books.pup.46035 035 $a(CKB)4100000012052861 035 $a(FrMaCLE)OB-pup-46035 035 $a(oapen)https://directory.doabooks.org/handle/20.500.12854/86390 035 $a(PPN)258323728 035 $a(EXLCZ)994100000012052861 100 $a20211015j|||||||| ||| 0 101 0 $afre 135 $auu||||||m|||| 181 $ctxt$2rdacontent 182 $cc$2rdamedia 183 $acr$2rdacarrier 200 12$aL?obsession communale $eLa Calle, un territoire de colonisation dans l?Est algérien. 1884-1957 /$fChristine Mussard 210 $aAix-en-Provence $cPresses universitaires de Provence$d2021 215 $a1 online resource (356 p.) 225 1 $aLe temps de l?histoire 311 $a979-1-03-200146-2 330 $aLe modèle communal français sert de référent à l?organisation administrative du territoire de l?Algérie française. Dans les années 1880, l?espace conquis a vu se multiplier une déclinaison d?entités communales diverses, dont la commune mixte. Pour ses concepteurs, la création de cette circonscription a une visée singulière : étendre la colonisation dans l?intérieur du pays par l?accroissement du peuplement européen dans des villages ; favoriser le contact entre colons et colonisés et développer une « éducation civique » de ces derniers. Constructions transitoires vers des commune de plein exercice, telles qu?elles existent en métropole, les communes mixtes perdurent néanmoins jusqu?en 1956, soit près de dix ans après leur mort institutionnelle. La commune mixte de La Calle est érigée en 1884 et se délite en pleine guerre d?indépendance. Sa position frontalière avec la Tunisie contribue au façonnement de son histoire, celle d?un territoire de colonisation qui se développe et se rétracte au gré des mobilités de populations attirées par l?offre foncière du Protectorat. Dans le temps du conflit, c?est aussi la situation frontalière qui fait de cette marge de l?empire français aux confins du Constantinois un espace stratégique, une terre de repli et de ressources. Cet ouvrage analyse le processus de construction puis d?effacement d?un espace administratif inédit en contexte colonial. Il vise aussi à saisir, dans le temps long de l?Algérie rurale, les divers modes d?appropriation d?un territoire par l?ensemble des groupes qui forment son espace social. 606 $aFrench$zAlgeria$xHistory$y19th century 606 $aFrench$zAlgeria$xHistory$y20th century 607 $aQa?lah (Algeria)$xHistory 607 $aAlgeria$xColonization$xHistory 610 $aAlgérie 610 $acolonisation 610 $acommune 610 $aterritoire 610 $apopulation 610 $amobilité 610 $amodèle communal 610 $acirconscription 610 $aLa Calle 615 0$aFrench$xHistory 615 0$aFrench$xHistory 700 $aMussard$b Christine$01289507 801 0$bFR-FrMaCLE 906 $aBOOK 912 $a9910502599703321 996 $aL?obsession communale$93030878 997 $aUNINA LEADER 02873oam 2200469zu 450 001 9910146772903321 005 20241212215316.0 010 $a9781509097357 010 $a150909735X 035 $a(CKB)1000000000022687 035 $a(SSID)ssj0000453714 035 $a(PQKBManifestationID)12203627 035 $a(PQKBTitleCode)TC0000453714 035 $a(PQKBWorkID)10482501 035 $a(PQKB)10154394 035 $a(NjHacI)991000000000022687 035 $a(EXLCZ)991000000000022687 100 $a20160829d2005 uy 101 0 $aeng 135 $aur||||||||||| 181 $ctxt 182 $cc 183 $acr 200 00$a2005 IEEE Nuclear Science Symposium and Medical Imaging Conference 210 31$a[Place of publication not identified]$cI E E E$d2005 215 $a1 online resource 300 $aBibliographic Level Mode of Issuance: Monograph 311 08$a9780780392212 311 08$a0780392213 330 $aThe CMS object oriented Geant4-based program is used to simulate the complete central CMS detector (over 1 million geometrical volumes) and the forward systems such as the Totem telescopes, Castor calorimeter, zero degree calorimeter, Roman pots, and the luminosity monitor. The simulation utilizes the full set of electromagnetic and hadronic physics processes provided by Geant4 and detailed particle tracking in the 4 tesla magnetic field. Electromagnetic shower parameterization can be used instead of full tracking of high-energy electrons and positrons, allowing significant gains in speed without detrimental precision losses. The simulation physics has been validated by comparisons with test beam data and previous simulation results. The system has been in production for almost two years and has delivered over 100 million events for various LHC physics channels. Productions are run on the US and EU grids at a rate of 3-5 million events per month. At the same time, the simulation has evolved to fulfill emerging requirements for new physics simulations, including very large heavy ion events and a variety of SUSY scenarios. The software has also undergone major technical upgrades. The framework and core services have been ported to the new CMS offline software architecture and event data model. In parallel, the program is subjected to ever more stringent quality assurance procedures, including a recently commissioned automated physics validation suite. 606 $aImaging systems in medicine$vCongresses 606 $aNuclear energy$vCongresses 606 $aNuclear physics$vCongresses 615 0$aImaging systems in medicine 615 0$aNuclear energy 615 0$aNuclear physics 676 $a616.0754 801 0$bPQKB 906 $aPROCEEDING 912 $a9910146772903321 996 $a2005 IEEE Nuclear Science Symposium and Medical Imaging Conference$92539546 997 $aUNINA